Το τέλος της Ατλαντίδος : νέο φως πάνω σε έναν παληό μύθο
Saved in:
| Main Author: | |
|---|---|
| Other Authors: | |
| Format: | Book |
| Language: | Greek English |
| Published: |
[Αθήνα] :
Φιλισοφικαί Εκδόσεις Ν. Κοκοτσάκη,
[19--].
|
| Subjects: | |
| Tags: |
Add Tag
No Tags, Be the first to tag this record!
|
MARC
| LEADER | 00000cam a2200000 i 4500 | ||
|---|---|---|---|
| 001 | 1/101503 | ||
| 008 | 090219s19uu####gr | ||| |||| ||gre|| | ||
| 035 | |l 10103288 | ||
| 040 | |a GR-MyUa |b gre |e AACR2 | ||
| 041 | 1 | |a gre |h eng | |
| 082 | 7 | |a 398.23 |2 (22) | |
| 100 | 1 | |a Luce, John Victor, |d 1920-2011. | |
| 245 | 1 | 3 | |a Το τέλος της Ατλαντίδος : |b νέο φως πάνω σε έναν παληό μύθο / |c J.V. Luce ; μετάφραση Χριστίνας Διον. Κωνσταντοπούλου. |
| 246 | 1 | |i Παράλληλος τίτλος: |a The End of Atlantis | |
| 260 | |a [Αθήνα] : |b Φιλισοφικαί Εκδόσεις Ν. Κοκοτσάκη, |c [19--]. | ||
| 300 | |a 277 σ. : |b εικ., έγχρ.εικ., χάρτες, σχ. ; |c 25 εκ. | ||
| 500 | |a 14 έγχρωμες, 100 ασπρόμαυρες, 20 σχήματα. | ||
| 504 | |a Περιέχει βιβλιογραφία και ευρετήριο. | ||
| 650 | 0 | |a Civilization, Aegean. | |
| 650 | 0 | |a Atlantis (Legendary place) | |
| 651 | 0 | |a Santorini Island (Greece) | |
| 700 | 1 | |a Κωνσταντοπούλου, Χριστίνα Διον. |e trlf | |
| 852 | |a INST |b SAMOS |c MAG |e 20090219 |h 398.23 LUC |p 005300029312 |q 005300029312 |t BK |y 0 | ||
| 901 | |a BIBL3-2009-1 | ||
| 970 | |a ΣΙΤΖΙΜΗ |b ΓΙΑΣΕΜΗ |z 2009/02/19 | ||